Normal view MARC view
  • Physiology

Entry Topical Term

Number of records used in: 1

001 - CONTROL NUMBER

  • control field: 87481

003 - CONTROL NUMBER IDENTIFIER

  • control field: NUST

005 - DATE AND TIME OF LATEST TRANSACTION

  • control field: 20220107121933.0

008 - FIXED-LENGTH DATA ELEMENTS

  • fixed length control field: 220107|| aca||aabn | a|a d

040 ## - CATALOGING SOURCE

  • Original cataloging agency: NUST
  • Transcribing agency: NUST

150 ## - HEADING--TOPICAL TERM

  • Topical term or geographic name entry element: Physiology
  • Form subdivision: Examination Questions

670 ## - SOURCE DATA FOUND

  • Source citation: Work cat.: (NUST)33016: Costanzo, Linda S., 1947- 81208, Physiology /, c2011.
© 2023 Central Library, National University of Sciences and Technology. All Rights Reserved.